[Event "Cup North Sea (open)"]
[Site "masterchessopen.com Esbjerg (Denmark)"]
[Date "2005.07.09"]
[Round "9"]
[White "Kalinitschew Sergey (GER)"]
[Black "Brinck-Claussen Bjorn (DEN)"]
[Result "1-0"]
[WhiteElo "2491"]
[BlackElo "2342"]

1.d4 Nf6 2.c4 g6 3.g3 Bg7 4.Bg2 d5 5.cxd5 Nxd5 6.e4 Nb6 7.Ne2 c5 8.d5 e6 9.O-O
exd5 10.exd5 O-O 11.Nec3 Nc4 12.Nd2 Ne5 13.Nde4 Na6 14.Bg5 f6 15.Be3 b6 16.h3
Qd7 17.b3 Nf7 18.Rc1 Bb7 19.Qf3 f5 20.Ng5 Nxg5 21.Bxg5 Nc7 22.Rfd1 h6 23.Bf4
g5 24.Bxc7 Qxc7 25.Qe2 Qd7 26.d6 Bxg2 27.Kxg2 f4 28.Qc4+ Qf7 29.Nd5 fxg3
30.Ne7+ Kh8 31.Qxf7 Rxf7 32.fxg3 Rd8 33.Rd5 Rd7 34.a4 Rf6 35.Nf5 Bf8 36.Rcd1
Kg8 37.g4 Kf7 38.Kf3 Re6 39.a5 Re8 40.axb6 axb6 41.Ra1 Ke6 42.Rd2 Rb7 43.Re2+
Kf7 44.Rxe8 Kxe8 45.Ra8+ Kf7 46.Ke4 {#r} 1-0

[Event "It (cat.7)"]
[Site "masterchessopen.com Budapest (Hungary)"]
[Date "2005.07.11"]
[Round "10"]
[White "Ilincic Zlatko (SRB)"]
[Black "Boros Denes (HUN)"]
[Result "1-0"]
[WhiteElo "2540"]
[BlackElo "2460"]

1.d4 Nf6 2.c4 g6 3.g3 Bg7 4.Bg2 d5 5.cxd5 Nxd5 6.e4 Nb6 7.Ne2 c5 8.d5 e6 9.O-O
O-O 10.Nbc3 Na6 11.h3 exd5 12.exd5 Nc4 13.Re1 Re8 14.a3 h5 15.Ne4 Bxh3 16.Bxh3
Rxe4 17.Qc2 Nd6 18.Bf4 Re8 19.Nc3 Qf6 20.Qa4 Nc7 21.Qd7 Rxe1+ 22.Rxe1 Nce8
23.Ne4 Nxe4 24.Rxe4 Qd8 25.Qxb7 Nf6 26.Re5 Rb8 27.Qxa7 Rxb2 28.d6 c4 29.Rc5
Rb1+ 30.Kg2 Ng4 31.Bxg4 hxg4 32.d7 Kh7 33.Rc8 Qe7 34.Re8 Qf6 35.Qa8 Ra1
36.d8=Q Rb1 {#r} 1-0

[Event "Cup Mercosur (cat.7)"]
[Site "masterchessopen.com Vicente Lopez (Argentina)"]
[Date "2005.07.19"]
[Round "6"]
[White "Scarella Enrique (ARG)"]
[Black "Alonso Salvador (ARG)"]
[Result "1-0"]
[WhiteElo "2356"]
[BlackElo "2459"]

1.d4 Nf6 2.c4 g6 3.g3 Bg7 4.Bg2 d5 5.cxd5 Nxd5 6.e4 Nb6 7.Ne2 c5 8.d5 e6 9.O-O
exd5 10.exd5 O-O 11.Nec3 Na6 12.a4 Bf5 13.Na3 Nb4 14.Be3 Nd7 15.Qd2 b6 16.Bg5
Bf6 17.h4 Bxg5 18.hxg5 f6 19.Rfe1 fxg5 20.d6 Nf6 21.Re7 Rc8 22.Nc4 Nc6 23.Nd5
Ne8 24.Rae1 Nxd6 25.Nf6+ Rxf6 26.Bxc6 Nxc4 27.Bd5+ Kh8 28.Qc3 Ne5 29.R1xe5 Qf8
30.Re8 Kg7 31.Rxf8 Rcxf8 32.Re7+ Kh6 33.Bg8 {#r} 1-0

[Event "Ch Europe (team)"]
[Site "masterchessopen.com Goteborg (Sweden)"]
[Date "2005.08.06"]
[Round "8"]
[White "Brynell Stellan (SWE)"]
[Black "Nyback Tomi (FIN)"]
[Result "0-1"]
[WhiteElo "2496"]
[BlackElo "2563"]

1.d4 Nf6 2.c4 g6 3.g3 Bg7 4.Bg2 d5 5.cxd5 Nxd5 6.e4 Nb6 7.Ne2 c5 8.d5 e6 9.O-O
exd5 10.exd5 O-O 11.Nec3 Na6 12.a4 Bf5 13.Na3 Qd7 14.a5 Nc8 15.Be3 Nd6 16.Qd2
Rfe8 17.Rfd1 Rac8 18.f3 Nb4 19.Bf1 Nd3 20.Bxd3 Rxe3 21.Bxf5 Nxf5 22.Kg2 Rce8
23.Ne4 Rxf3 24.Nxc5 Qd6 25.Re1 Rfe3 26.Nc4 Qxc5 27.Nxe3 Nxe3+ 28.Kf3 Bd4 {#R}
0-1

[Event "Ch Poland (team) (extraleague)"]
[Site "masterchessopen.com Lubniewice (Poland)"]
[Date "2005.09.04"]
[Round "2"]
[White "Grabarczyk Miroslaw (POL)"]
[Black "Navara David (CZE)"]
[Result "0-1"]
[WhiteElo "2484"]
[BlackElo "2646"]

{ Grabarczyk Miroslaw (POL) +5 =6 -0 Navara David (CZE) +1 =1 -1 } 1.d4 Nf6
2.c4 g6 3.g3 Bg7 4.Bg2 d5 5.cxd5 Nxd5 6.e4 Nb6 7.Ne2 O-O ( 7...c5 8.d5 e6
9.Nbc3 exd5 10.Nxd5 O-O 11.O-O Bg4 12.h3 Bxe2 13.Qxe2 Nc6 14.Qb5 Nxd5 15.exd5
Nd4 16.Qxc5 Qd7 17.Bg5 Qf5 18.Be7 Rfc8 19.Qa5 Rc2 20.Qa4 b5 21.Qa6 Ne2+ 22.Kh1
Bd4 23.Qb7 Re8 24.d6 Bxf2 25.Bh4 Re3 26.d7 Nxg3+ 27.Bxg3 Rxg3 28.Qb8+ { 1-0,
Dautov Rustem 2604 - Navara David 2580 , Bled 2002 Olympiad } ) 8.O-O { = }
8...Nc6 ( 8...e5 9.d5 { 1/2-1/2, Grabarczyk Miroslaw 2480 - Krasenkow Michal
2645 , Sopot 1997 Ch Poland } ) ( 8...c6 9.Nbc3 Na6 10.Bf4 Nc7 11.b3 f5 12.f3
Be6 13.Qd2 Qd7 14.Rad1 Rad8 15.Qe3 Kh8 16.h4 fxe4 17.fxe4 Bg4 18.Bh6 Ne6 19.d5
cxd5 20.exd5 Bxh6 21.Qxh6 Ng7 22.Nf4 Kg8 23.Rde1 e6 24.Qg5 Bf5 25.g4 e5
26.Rxe5 Qc7 27.Re3 Qc5 28.Qe7 Qxe7 29.Rxe7 Bxg4 30.Rxb7 Rd7 31.Rxd7 Bxd7
32.Ne4 Nf5 33.Ne6 Rf7 34.N4g5 Re7 35.h5 Nc8 36.hxg6 hxg6 37.Be4 Ncd6 38.Bxf5
gxf5 39.Kf2 Bxe6 40.Nxe6 Kf7 41.Ke3 Kf6 42.Kd4 Rh7 43.Kc5 Ke5 44.Kc6 Rh2 45.b4
Rxa2 46.Nc5 Ne4 47.Rd1 a5 48.Nd3+ { ...1/2-1/2, Rausis Igors 2478 - Abergel
Thal 2365 , Evry 2002 It (a) } ) ( 8...c5 9.d5 e6 10.Nec3 exd5 11.exd5 N8d7
12.Ne4 Nf6 13.Nbc3 Nbd7 14.Re1 Nxe4 15.Nxe4 Qb6 16.d6 Ne5 17.Bg5 Bg4 18.f3 Bf5
{ 1/2-1/2, Hulak Krunoslav 2530 - Jukic Mirko 2456 , Pula 1992 Cup Croatia } )
9.d5 Na5 10.Nbc3 ( 10.Qd2 Nac4 11.Qc2 Bd7 12.Nbc3 c6 13.dxc6 Bxc6 14.Rd1 Qe8
15.b3 Nd6 16.Nd4 Rc8 17.Bb2 Nb5 18.Ncxb5 Bxb5 19.Qd2 Ba6 20.Bh3 Rd8 21.Qe3 e6
22.a4 Nc8 23.Ba3 Ne7 24.Rac1 Qd7 25.e5 Rfe8 26.Qe1 Nd5 27.Bd6 Bf8 28.Nxe6 fxe6
29.Rxd5 Bh6 30.Rc3 b6 31.Rd1 Rc8 32.Rxc8 Qxc8 33.Bf1 Bb7 34.Bb5 Ba8 35.Rd3 Qc2
36.Rc3 Qb2 37.Rc7 Qxb3 38.Bxe8 Qf3 39.Bf7+ { 1-0, Osnos Viatcheslav 2540 -
Karasev Vladimir I 2421 , Leningrad 1971 Ch Leningrad } ) 10...c6 11.b3 (
11.Re1 Nac4 12.dxc6 bxc6 13.Qc2 Qc7 14.b3 Nd6 15.Be3 Bb7 16.Rac1 c5 17.Nd5
Bxd5 18.exd5 c4 19.Nd4 Qd7 20.Nc6 cxb3 21.axb3 Rfe8 22.Bf4 Rac8 23.h4 Nf5
24.Qd2 h5 25.Rcd1 e6 26.dxe6 Qxd2 27.exf7+ Kxf7 28.Bxd2 Nd4 29.Nxa7 Rxe1+
30.Rxe1 Rc7 31.Ba5 Rxa7 32.Bxb6 Rd7 33.b4 Nc2 34.Rb1 Bd4 35.Bxd4 Nxd4 36.b5
Ne2+ 37.Kh2 { 1-0, Jobava Baadur 2480 - Atakisi Umut 2258 , Yerevan 2000 Zt }
) ( 11.Bf4 cxd5 12.exd5 Nac4 13.b3 Nd6 14.Rc1 Bg4 15.h3 Bd7 16.a4 h6 17.Qd2
Kh7 18.Nd4 Nbc8 19.Rfe1 Qb6 20.Be3 Qb4 21.Ncb5 Qxd2 22.Bxd2 a6 23.Nxd6 exd6
24.Rc7 Bxd4 25.Rxd7 b5 26.Re4 Bc5 27.Rh4 h5 28.g4 Nb6 29.Rb7 Rab8 30.Rxb8 Rxb8
31.axb5 axb5 32.gxh5 Nd7 33.hxg6+ Kxg6 34.b4 Bb6 { 1-0, Tregubov Pavel V 2520
- Stambulian Arsen 2270 , Novorossijsk 1996 It (open) } ) 11...cxd5 12.exd5
Bg4 13.Bd2 e6 ( 13...Nd7 14.h3 Bf5 15.Rc1 Ne5 16.g4 Bd7 17.Be3 f5 18.g5 Rc8
19.f4 Nf7 20.Bd4 Bxd4+ 21.Qxd4 Qb6 22.Qxb6 axb6 23.Nd4 Nd6 24.Rfe1 Rfe8 25.Bf1
Kf8 26.h4 Red8 27.Bd3 Rc7 28.Nce2 Rdc8 29.Rxc7 Rxc7 30.h5 b5 31.hxg6 hxg6
32.Rc1 Rxc1+ 33.Nxc1 b6 34.Nf3 Nab7 35.Ne5 Be8 36.b4 e6 37.dxe6 Nd8 38.Kf2 Ke7
39.Ne2 Nxe6 40.Ke3 Nc7 41.Nc3 Bf7 42.Nc6+ Kd7 43.Nd4 Ke7 44.Nc6+ Kd7 45.Nd4 {
1/2-1/2, Olausson Claes Goran 2272 - Kallio Heikki 2517 , Goteborg 2001 It } )
14.dxe6 Nc6 { +0.04 CAP } ( 14...Bxe6 15.Ne4 Nc6 16.Bg5 Qxd1 17.Raxd1 h6
18.Be3 Rad8 19.Nd6 Bg4 20.f3 Bc8 21.Bc5 Bf6 22.f4 Bg4 23.Ne4 Bxe2 24.Nxf6+ Kg7
25.Rxd8 Rxd8 26.Re1 Rd2 27.Ne8+ Kg8 28.Nd6 Nd7 29.Be3 Rxa2 30.Bd5 Nd8 31.b4
Rb2 32.f5 gxf5 33.Nxf5 Ne6 34.Bc1 Rb1 35.Be4 Ra1 36.Ne7+ { 1-0, Kasparov Garry
2851 - Kasimdzhanov Rustam 2603 , Wijk aan Zee 1999 It (cat.17) } ) (
14...fxe6 15.Rc1 Qd3 16.Be4 Qd7 17.f3 Bh3 18.Re1 Rad8 19.Bg5 Qxd1 20.Rexd1
Rxd1+ 21.Rxd1 Bf5 22.Rd8 Nc6 { 1/2-1/2, Byrne Robert E 2439 - Nakamura Hikaru
2281 , Saratoga Springs 2000 Ch New York State } ) 15.Rc1 { N } ( 15.Qe1 Ne5
16.Nf4 fxe6 17.h3 Nf3+ 18.Bxf3 Bxf3 19.Nxe6 Qd7 20.Qe3 Rf6 21.Rae1 Re8 22.Nc5
Qxh3 23.Qxf3 Rxe1 24.Qg2 Rxf1+ 25.Qxf1 Qxf1+ 26.Kxf1 Rf7 27.N3e4 Bd4 28.Ne6
Re7 29.Nxd4 Rxe4 30.Nb5 a6 31.Nc3 Re6 32.Be3 Rc6 33.Bd4 Nd7 34.Ke2 Kf7 35.Ke3
Nf6 36.Kd3 g5 37.Na4 h5 38.Nc5 b5 39.b4 h4 40.gxh4 gxh4 41.Ke2 Nd5 { 0-1,
Ruban Vadim 2395 - Kozul Zdenko 2505 , Sibenik 1988 } ) 15...Nd4 16.Kh1 Rc8
17.f3 Bxe6 18.Be3 Nxe2 19.Nxe2 Qe7 20.Nf4 Bf5 21.Qd2 Rfd8 22.Qf2 Qa3 23.g4 Bd7
24.Rfd1 Bc6 25.Kg1 Rd7 26.Bc5 { ?! } ( 26.Rxd7 Nxd7 27.Nd3 Rd8 28.Re1 { } )
26...Rcd8 27.Re1 Qa5 28.a4 { ?! } ( 28.b4 Qa6 29.Rc2 Bh6 30.Nh3 { } ) 28...Nd5
{ ?! } ( 28...Bc3 29.Rf1 Bd2 30.Ra1 Nxa4 { } ) 29.Nxd5 Rxd5 30.Kh1 { ?! } (
30.Re2 Rd1+ 31.Re1 R1d3 32.Bxa7 { } ) 30...Bc3 31.Bxa7 Bxe1 32.Rxe1 Rd1 33.Rf1
R8d2 34.Rxd1 Rxd1+ 35.Bf1 Qa6 36.Kg2 Rxf1 { } {#R} 0-1

[Event "It (open)"]
[Site "masterchessopen.com Havlickuv Brod (Czech Republic)"]
[Date "2005.09.27"]
[Round "4"]
[White "Jirka Jiri (CZE)"]
[Black "Novotny Michal (CZE)"]
[Result "1-0"]
[WhiteElo "2387"]
[BlackElo "2233"]

1.d4 Nf6 2.c4 g6 3.g3 d5 4.cxd5 Nxd5 5.Bg2 Bg7 6.e4 Nb6 7.Ne2 c5 8.d5 e6
9.Nec3 O-O 10.O-O Na6 11.a4 exd5 12.exd5 Bf5 13.Na3 Nb4 14.Be3 Rc8 15.d6 Nd3
16.a5 Nxb2 17.Qb3 c4 18.Qxb2 Na4 19.Nxa4 Bxb2 20.Nxb2 c3 21.Nbc4 Bd3 22.Bd5
Bxf1 23.Rxf1 Qd7 24.Bxa7 Rxc4 25.Nxc4 Qb5 26.Ne3 Qxa5 27.Bd4 Rd8 28.Be5 Kf8
29.Rc1 f6 30.Bxf6 Rxd6 31.Bxc3 Qa3 32.Bd2 Rd7 33.Rc4 Qd3 34.Bb4+ Kg7 35.Bc3+
Kf8 36.Be6 Rd8 37.Bb4+ Kg7 38.Ng4 Rd6 39.Rc7+ Kf8 40.Bxd6+ {#r} 1-0

[Event "It (open)"]
[Site "masterchessopen.com Hamburg (Germany)"]
[Date "2005.10.04"]
[Round "4"]
[White "Akesson Joel (SWE)"]
[Black "Cremer Jochen (GER)"]
[Result "1-0"]
[WhiteElo "2334"]
[BlackElo "2128"]

1.d4 Nf6 2.c4 g6 3.g3 Bg7 4.Bg2 d5 5.cxd5 Nxd5 6.e4 Nb6 7.Ne2 e5 8.d5 O-O
9.O-O c6 10.Nbc3 cxd5 11.exd5 Na6 12.b3 f5 13.Ba3 Rf7 14.Rc1 f4 15.f3 fxg3
16.hxg3 Bh6 17.f4 Bg4 18.Qd3 Nd7 19.Qb5 Nc7 20.Qxb7 Rb8 21.Qc6 Nb5 22.Nxb5
Bxe2 23.Nd6 Rf6 24.Rfe1 Bb5 25.Qc7 Ba6 26.fxe5 Bxc1 27.Qxc1 Nxe5 28.Rxe5 Bd3
29.Re8+ Qxe8 30.Nxe8 Rxe8 31.Qc3 Ra6 32.Bb2 Re7 33.Qc8+ Kf7 34.Qc3 Bf5 35.a4
Rb6 36.a5 Rb5 37.d6 Re6 38.Qg7+ Ke8 39.Bc6+ {#r} 1-0

[Event "Ch Chess Club"]
[Site "masterchessopen.com Tula (Russia)"]
[Date "2005.10.21"]
[Round "7"]
[White "Shishkin Pavel (RUS)"]
[Black "Khanov Vjacheslav (RUS)"]
[Result "1-0"]
[WhiteElo "2193"]
[BlackElo "2237"]

1.d4 Nf6 2.c4 g6 3.g3 Bg7 4.Bg2 d5 5.cxd5 Nxd5 6.e4 Nb6 7.Ne2 O-O 8.O-O N8d7
9.Qc2 c6 10.a4 Rb8 11.a5 Na8 12.Bf4 e5 13.dxe5 Nxe5 14.Na3 Nc7 15.Rfd1 Qe7
16.Be3 b6 17.axb6 axb6 18.Nc4 Nxc4 19.Qxc4 c5 20.Bf4 Be6 21.Qc2 Ra8 22.Rxa8
Rxa8 23.Bd6 Qd7 24.e5 Rd8 25.Nc3 Qc8 26.Ra1 Bf8 27.Ne4 Bf5 28.Nf6+ Kg7 29.Qc3
Be6 30.Bc6 Kh8 31.Ra7 Bh3 32.Rxc7 Qxc7 33.Bf3 Bxd6 34.exd6 Qxd6 35.Bd5 Qf8
36.g4 Qg7 37.Qf3 h5 38.g5 Be6 39.Be4 b5 40.h4 b4 41.Qe3 Rd4 42.Qg3 Qf8 43.Qc7
Qd6 44.Qa7 Bh3 45.Bf3 c4 46.Qxf7 Rd1+ 47.Bxd1 Qxd1+ 48.Kh2 {#r} 1-0

[Event "Ch World (juniors) (under 20) (g)"]
[Site "masterchessopen.com Istanbul (Turkey)"]
[Date "2005.11.17"]
[Round "8"]
[White "Xu Ruoyin (CHN)"]
[Black "Brekke Jorunn Marie (NOR)"]
[Result "1-0"]
[WhiteElo "2079"]
[BlackElo "1972"]

1.d4 Nf6 2.c4 g6 3.g3 Bg7 4.Bg2 d5 5.cxd5 Nxd5 6.e4 Nb6 7.Ne2 c5 8.d5 O-O
9.O-O Na6 10.Nbc3 Bg4 11.h3 Bxe2 12.Qxe2 Qd7 13.e5 Qf5 14.Bf4 Nb4 15.Rfd1 c4
16.Be4 Qxh3 17.a3 Nd3 18.Bxd3 cxd3 19.Rxd3 Rfd8 20.g4 Qh4 21.Kg2 e6 22.Rh1 Qe7
23.d6 Qd7 24.Rdh3 Qc6+ 25.f3 Nd5 26.Nxd5 Qxd5 27.Rxh7 Qd4 28.Kg3 Rac8 29.Rxg7+
Kxg7 30.Bg5 Rg8 31.Bh6+ {#r} 1-0

[Event "Ch Croatia (team) (2nd league)"]
[Site "masterchessopen.com Croatia"]
[Date "2005.11.20"]
[Round "11"]
[White "Zlomislic Vinko (CRO)"]
[Black "Mihalic Goran (CRO)"]
[Result "0-1"]
[WhiteElo "2137"]
[BlackElo "2039"]

1.d4 Nf6 2.c4 g6 3.g3 d5 4.cxd5 Nxd5 5.e4 Nb6 6.Bg2 Bg7 7.Ne2 O-O 8.O-O Nc6
9.d5 Na5 10.Nbc3 Nac4 11.b3 Nd6 12.Be3 e6 13.Rc1 exd5 14.exd5 Re8 15.Bd4 Bh6
16.f4 Nf5 17.Nb5 Nxd4 18.Nexd4 Re7 19.Re1 Rxe1+ 20.Qxe1 Nxd5 21.Rc5 c6 22.Bxd5
cxd5 23.Qe5 Bh3 24.Nd6 Bg7 25.Qxd5 Qe7 26.Kf2 Rd8 27.N4b5 Be6 28.Qxb7 Qf8
29.Rc7 Rxd6 30.Nxd6 Bd4+ 31.Kg2 Qxd6 32.Qb8+ Qf8 33.Qb5 Qd8 34.Rc2 Qa8+ 35.Kf1
Qf3+ 36.Ke1 Bc3+ 37.Rxc3 Qxc3+ 38.Kf2 Qb2+ 39.Kf3 Qd4 40.Qb8+ Kg7 41.Ke2 Bg4+
42.Kf1 Qd3+ 43.Kf2 Qf3+ 44.Kg1 Qe3+ 45.Kg2 Bf3+ 46.Kh3 Qe6+ 47.f5 Qxf5+ {#R}
0-1

[Event "Ch Norway (team) 2005/06"]
[Site "masterchessopen.com Norway"]
[Date "2005.12.04"]
[Round "2"]
[White "Hinman Chris (NOR)"]
[Black "Haugstad Espen (NOR)"]
[Result "0-1"]
[WhiteElo "1715"]
[BlackElo "2102"]

1.c4 Nf6 2.g3 g6 3.Bg2 d5 4.cxd5 Nxd5 5.e4 Nb6 6.d4 Bg7 7.Ne2 Nc6 8.d5 Ne5
9.Nbc3 Bg4 10.O-O Qd7 11.f3 Bh3 12.Bxh3 Qxh3 13.Nf4 Qd7 14.Qe2 a6 15.Be3 Nbc4
16.Bf2 Nd2 17.Rfd1 Ndxf3+ 18.Kg2 h5 19.Nh3 g5 20.Ng1 g4 21.Qc2 h4 22.Nce2
O-O-O 23.Nd4 Nxd4 24.Rxd4 Nf3 25.Rd3 Nxh2 26.gxh4 Be5 27.Bg3 Bxg3 28.Rxg3 Rxh4
29.Rc1 Rdh8 30.Rc3 Kb8 31.Rxc7 Qd6 32.Rc8+ Rxc8 33.Qxc8+ Ka7 34.Rc7 Qb6 35.b3
Qb4 36.Qf5 Nf3 37.Nxf3 gxf3+ 38.Qxf3 Qd2+ {#R} 0-1

[Event "Ch Europe (active)"]
[Site "masterchessopen.com Warsaw (Poland)"]
[Date "2005.12.17"]
[Round "3"]
[White "Wojtaszek Radoslaw (POL)"]
[Black "Owczarzak Jerzy (POL)"]
[Result "1-0"]
[WhiteElo "2606"]
[BlackElo "2386"]

1.d4 Nf6 2.g3 d5 3.Bg2 g6 4.c4 Bg7 5.cxd5 Nxd5 6.e4 Nb6 7.Ne2 c5 8.d5 e6
9.Nbc3 exd5 10.Nxd5 Nc6 11.O-O O-O 12.Be3 Nd7 13.Qd2 b6 14.f4 Bb7 15.Rfd1 Nf6
16.Nxf6+ Bxf6 17.e5 Bg7 18.Qd7 Qc8 19.Qxc8 Raxc8 20.Rd7 Ba8 21.Rad1 h5 22.Nc3
Kh7 23.Bd5 Nd4 24.Bxa8 Rxa8 25.Bxd4 cxd4 26.R1xd4 Kg8 27.Nd5 Kh7 28.Rc4 Rfd8
29.Rcc7 Rxd7 30.Rxd7 Kg8 31.Kf2 Bf8 32.Ke3 Rc8 33.Rc7 Bc5+ 34.Ke4 {#r} 1-0

[Event "Ch Slovakia (team) 2005/06"]
[Site "masterchessopen.com Slovakia"]
[Date "2006.01.29"]
[Round "8"]
[White "Horvath Mario (SVK)"]
[Black "Kovacocy Pavol (SVK)"]
[Result "1-0"]
[WhiteElo "2320"]
[BlackElo "2266"]

1.d4 Nf6 2.c4 g6 3.g3 d5 4.cxd5 Nxd5 5.Bg2 Bg7 6.e4 Nb6 7.Ne2 O-O 8.O-O Na6
9.Nbc3 Bd7 10.h3 Qc8 11.Kh2 e5 12.dxe5 Bxe5 13.f4 Bg7 14.f5 Rd8 15.Qb3 Nc5
16.Qc2 Be8 17.Nd5 Nxd5 18.exd5 Na6 19.Bg5 Rd6 20.Rac1 Rb6 21.b3 Qd7 22.Nc3 Be5
23.Bf4 Bxf4 24.Rxf4 f6 25.fxg6 Bxg6 26.Be4 Kg7 27.Rg4 Qf7 28.h4 Nb4 29.Qb1 f5
30.Bxf5 Rf6 31.Rf1 Nxd5 32.Nxd5 Qxd5 33.Qb2 Rf8 34.h5 Kh6 35.Qc1+ Kg7 36.Qc3
Kh6 37.hxg6 Rxf5 38.Qc1+ Kg7 39.Qxc7+ {#r} 1-0

[Event "Ch Russia (juniors) (under 16) (g)"]
[Site "masterchessopen.com Dagomys (Russia)"]
[Round "6"]
[White "Chuvakhova Maria (RUS)"]
[Black "Samokhina Sofia (RUS)"]
[Result "1-0"]
[WhiteElo "1903"]
[BlackElo "1975"]

1.d4 Nf6 2.c4 g6 3.g3 d5 4.Bg2 Bg7 5.cxd5 Nxd5 6.e4 Nb6 7.Ne2 c5 8.d5 O-O
9.O-O e6 10.Nbc3 Na6 11.Nf4 exd5 12.Nfxd5 Be6 13.Bf4 Nc4 14.Qe2 Ne5 15.Rad1
Qa5 16.Kh1 Rad8 17.Bxe5 Bxe5 18.f4 Bg7 19.f5 Bd7 20.Qe3 Rfe8 21.Qg5 Bb5
22.Nxb5 Qxb5 23.Ne7+ Rxe7 24.Rxd8+ Re8 25.Rxe8+ Qxe8 26.fxg6 hxg6 27.b3 b6
28.Qd5 Nb4 29.Qb7 Nc6 30.e5 Nxe5 {#r} 1-0

[Event "Ch Croatia (team) (3rd league)"]
[Site "masterchessopen.com Croatia"]
[Date "2006.04.02"]
[Round "1"]
[White "Zlomislic Vinko (CRO)"]
[Black "Maravic Stjepan (CRO)"]
[Result "0-1"]
[WhiteElo "2130"]
[BlackElo "2102"]

1.d4 Nf6 2.c4 g6 3.g3 d5 4.cxd5 Nxd5 5.e4 Nb6 6.Bg2 Bg7 7.Ne2 e5 8.d5 Bd7
9.Nbc3 h5 10.b3 h4 11.a4 Nc8 12.Be3 a5 13.Qd2 Nd6 14.O-O Qc8 15.f4 Bh3 16.Rf3
Qg4 17.Raf1 Bxg2 18.Kxg2 hxg3 19.Rxg3 Qh4 20.Bg1 Nd7 21.Qe3 Bh6 22.Nb5 Nxb5
23.axb5 a4 24.Qc3 axb3 25.Qxc7 Bxf4 26.Nxf4 exf4 27.Rxf4 Ra2+ 28.Rf2 Qxe4+
29.Rf3 Rxf2+ 30.Bxf2 O-O 31.Qf4 Qxd5 32.Bd4 Rc8 33.Qh4 Rc2+ 34.Kg3 Ne5 35.Bxe5
Qxe5+ 36.Qf4 Qe1+ 37.Kh3 Qe6+ 38.Qg4 Rxh2+ {#R} 0-1

[Event "Cup Croatia (team)"]
[Site "masterchessopen.com Sibenik (Croatia)"]
[Date "2006.05.13"]
[Round "4"]
[White "Medic Mirjana (CRO)"]
[Black "Srbis Jurica (CRO)"]
[Result "1-0"]
[WhiteElo "2285"]
[BlackElo "2025"]

1.d4 Nf6 2.c4 g6 3.g3 Bg7 4.Bg2 d5 5.cxd5 Nxd5 6.e4 Nb6 7.Ne2 Nc6 8.d5 Na5
9.Nbc3 Nac4 10.b3 Nd6 11.O-O e6 12.dxe6 Bxe6 13.Bf4 Rb8 14.Qd2 Qe7 15.Rad1
Nbc8 16.e5 Nf5 17.g4 Nh4 18.Bg5 f6 19.Bxh4 g5 20.exf6 Bxf6 21.Bg3 {#r} 1-0

[Event "It (open) \"]
[Site "masterchessopen.com Rybinsk (Russia)"]
[Date "2006.06.24"]
[Round "4"]
[White "Nikolaev Evgeny (RUS)"]
[Black "Arakelov Ilya (RUS)"]
[Result "0-1"]
[WhiteElo "2283"]
[BlackElo "2399"]

1.d4 Nf6 2.c4 g6 3.g3 d5 4.cxd5 Nxd5 5.Bg2 Bg7 6.e4 Nb6 7.Ne2 c5 8.d5 e6
9.Nbc3 exd5 10.exd5 O-O 11.O-O Bf5 12.Bf4 Qd7 13.Re1 Na6 14.Be3 Nc4 15.Qb3
Nxe3 16.fxe3 Nb4 17.e4 Bg4 18.Rad1 a5 19.Rd2 b5 20.Nd1 c4 21.Qe3 Nxa2 22.Nf4
Bxd1 23.Rdxd1 Bxb2 24.Qe2 c3 25.e5 Qc7 26.Qc2 Nb4 27.Qb1 a4 28.e6 a3 29.exf7+
Rxf7 30.Qe4 Qd6 31.Bh3 c2 32.Qe6 cxd1=Q 33.Rxd1 a2 34.Nxg6 a1=Q {#R} 0-1

[Event "It (open)"]
[Site "masterchessopen.com Pardubice (Czech Republic)"]
[Date "2006.07.21"]
[Round "1"]
[White "Wojtaszek Radoslaw (POL)"]
[Black "Priborsky Jan (CZE)"]
[Result "1-0"]
[WhiteElo "2630"]
[BlackElo "2368"]

1.d4 Nf6 2.c4 g6 3.g3 Bg7 4.Bg2 d5 5.cxd5 Nxd5 6.e4 Nb6 7.Ne2 O-O 8.O-O Nc6
9.d5 Na5 10.Nbc3 c6 11.b3 cxd5 12.exd5 Bg4 13.Bd2 e6 14.dxe6 Nc6 15.Qe1 fxe6
16.h3 Bf5 17.Be3 Qf6 18.Rd1 Rad8 19.Rxd8 Rxd8 20.Qc1 Nd5 21.Bg5 Qe5 22.Bxd8
Nxd8 23.Nxd5 exd5 24.Nf4 d4 25.Re1 Qd6 26.Qc4+ Kf8 27.Be4 Bd7 28.Qd5 Qxd5
29.Bxd5 g5 30.Ne6+ Bxe6 31.Bxe6 Nc6 32.Bc4 a6 33.a4 Ne5 34.Kg2 {#r} 1-0

[Event "It (open) \"]
[Site "masterchessopen.com Berlin (Germany)"]
[Date "2006.08.20"]
[Round "2"]
[White "Federau Juergen (GER)"]
[Black "Poseck Steffen (GER)"]
[Result "0-1"]
[WhiteElo "2206"]
[BlackElo "2064"]

1.d4 Nf6 2.c4 g6 3.g3 d5 4.Bg2 Bg7 5.cxd5 Nxd5 6.e4 Nb6 7.Ne2 c5 8.d5 e6
9.Nbc3 Na6 10.O-O O-O 11.h3 Nc4 12.Rb1 e5 13.Kh2 Nd6 14.a3 b5 15.b4 c4 16.a4
bxa4 17.Qxa4 Qd7 18.Be3 f5 19.Qxd7 Bxd7 20.Ra1 Bc8 21.f3 Rf7 22.b5 Nc7 23.Rfb1
a6 24.b6 Nce8 25.Na4 Nb5 26.Nc5 Ned6 27.Ra5 Bb7 28.Nxb7 Rxb7 29.Rba1 Nd4
30.Nc3 Rxb6 31.R1a4 Rb2 32.Nd1 Rb1 33.Nf2 c3 {#R} 0-1

[Event "Ch France (accession)"]
[Site "masterchessopen.com Besancon (France)"]
[Date "2006.08.23"]
[Round "8"]
[White "Vernay Clovis (FRA)"]
[Black "Moussard Jules (FRA)"]
[Result "1-0"]
[WhiteElo "2334"]
[BlackElo "2172"]

1.d4 Nf6 2.c4 g6 3.g3 Bg7 4.Bg2 d5 5.cxd5 Nxd5 6.e4 Nb6 7.Ne2 O-O 8.O-O c5
9.dxc5 Qxd1 10.Rxd1 Na4 11.Nbc3 Nxc5 12.Be3 Nca6 13.Nd4 Nc6 14.Nd5 Nab4
15.Nxc6 Nxc6 16.Rab1 e6 17.Nc7 Rb8 18.Bc5 a6 19.b4 b5 20.Bxf8 Kxf8 21.Rd6 Nd4
22.Nxa6 Ra8 23.e5 Bxe5 24.Rxd4 Bxd4 25.Bxa8 Bxa6 26.Rc1 {#r} 1-0